00201nam a2200085Ia 4500008004100000100002800041245001900069260001800088260000900106170620s9999 xx 000 0 und d aAnuvadak Raghav- Rangai 0aJasa Tum Chaho bDelhi- Rajpal c2010